Полное собрание творений Платона. Т.9: Гиппий Больший | Гиппий Меньший | Ион | Менексен | Клитофонт (Запись № 13485838)

Подробности
000 -МАРКЕР
контрольное поле 01393nam2a22002411 4500
001 - ИДЕНТИФИКАТОР ЗАПИСИ
контрольное поле RU\NLR\A1SV\101580
005 - ИДЕНТИФИКАТОР ВЕРСИИ
контрольное поле 20251203152403.2
035 ## - ДРУГИЕ СИСТЕМНЫЕ НОМЕРА
Идентификатор записи (NLR Aleph) 009782933
100 ## - ДАННЫЕ ОБЩЕЙ ОБРАБОТКИ
Данные общей обработки 20100305d1924 u y0rusy50 ca
101 0# - ЯЗЫК РЕСУРСА
Язык текста, звукозаписи и т.д. русский
200 1# - ЗАГЛАВИЕ И СВЕДЕНИЯ ОБ ОТВЕТСТВЕННОСТИ
Основное заглавие Гиппий Больший
Первые сведения об ответственности [Пер. и введ. А.В.Болдырева]
Основное заглавие Гиппий Меньший
-- Ион
Первые сведения об ответственности [Пер. и введ. Я.М.Боровского]
Основное заглавие Менексен
Первые сведения об ответственности Пер. и введ. Болдырева]
Основное заглавие Клитофонт
Первые сведения об ответственности [Пер. и введ. А.И.Болтуновой]
210 ## - ПУБЛИКАЦИЯ, РАСПРОСТРАНЕНИЕ И ДР.
Дата издания, распространения и т.д. 1924
215 ## - ФИЗИЧЕСКАЯ ХАРАКТЕРИСТИКА
Специфическое обозначение материала и объем [4], 144 с.
461 #1 - УРОВЕНЬ НАБОРА
Встроенное поле 001RU\NLR\A1SV\101577
-- 2000#$aПолное собрание творений Платона$eВ 15 т.$fНовый пер. под ред. С.А.Жебелева, Л.П.Карсавина, Э.Л.Радлова$vТ.9
-- 700#1$aПлатон$f427-347 до н.э.$3RU\NLR\AUTH\779049
Системный номер (АБИС) связанной записи 10103142
Автор Платон (427-347 до н.э.)
Место публикации Пб.
Дата публикации 1922-1929
Первые сведения об ответственности Новый пер. под ред. С.А.Жебелева, Л.П.Карсавина, Э.Л.Радлова
Имя издателя, распространителя и т.д. Academia
Сведения, относящиеся к заглавию В 15 т.
Заглавие Полное собрание творений Платона
Номер тома Т.9
702 #1 - ИМЯ ЛИЦА - ВТОРИЧНАЯ ОТВЕТСТВЕННОСТЬ
Начальный элемент ввода Болдырев
Часть имени, кроме начального элемента ввода А.В.
702 #1 - ИМЯ ЛИЦА - ВТОРИЧНАЯ ОТВЕТСТВЕННОСТЬ
Начальный элемент ввода Боровский
Часть имени, кроме начального элемента ввода Я.М.
702 #1 - ИМЯ ЛИЦА - ВТОРИЧНАЯ ОТВЕТСТВЕННОСТЬ
Начальный элемент ввода Болтунова
Часть имени, кроме начального элемента ввода А.И.
801 #0 - ИСТОЧНИК ЗАПИСИ
Страна Российская Федерация
Организация NLR
Дата составления 20100305
942 ## - ДОПОЛНИТЕЛЬНЫЕ ЭЛЕМЕНТЫ ЗАПИСИ (АБИС)
Тип экземпляра АБИС Книга
980 ## - КОЛЛЕКЦИЯ
Название коллекции Международный сводный каталог русской книги (1918-1926)
980 ## - КОЛЛЕКЦИЯ
Название коллекции Национальная библиография

Нет доступных экземпляров.